000 00604nam a2200181 4500
001 126625
003 ES-MaACL
005 20230906192842.0
007 t|
008 070214s1970 sp r ||||1| spa d
111 2 _aSemana Bíblica Española (
_cMadrid (
_d1967) (
_n. 27ª)
_9219320
245 1 0 _aRevelación y pensar mítico
_b: XXVII Semana Bíblica Española (Madrid 18-22 Sept. 1967).
260 _aMadrid :
_bInstituto `Francisco Suárez`,
_c1970.
300 _a310 p. ;
_c26 cm.
710 2 _aInstituto "Francisco Suárez"
_95062
852 _aES-MaACL
_jC-37306
_bR.76159
999 _c126625
_d126625